01027cam a22002537a 4500003000500000005001700005008004100022010001000063011001000073035001000083040000900093100003200102245021900134260004000353300004000393502010900433530003600542650002700578650001600605650003600621650002700657650002600684856006300710CHAP20220329142821.0040331s2003 mx ad r 00010 spa d a88204 a89176 a99727 cCHAP00aMartínez Morales, Ubalda.10aEfectividad de estrobilurinas e inhibidores del ergosterol para el control de la cenicilla en rosal Sphaerotheca pannosa (var.) rosae en Santa María, Villa Guerrero, Edo. de Méx.c/por Ubalda Martínez Morales aChapingo, Méx. :bEl autor,c2003 a47 h. :bilus. ; gráfs. ; cuadros aTesis (Ing. Agr. Esp. en Parasitología Agrícola) -- UACH. Departamento de Parasitología Agrícola aTambién disponible en línea14aCenicilla polvorienta.14aFungicidas.14aRosasxEnfermedades por hongos.14aRosasxMéxico (Edo.)14aSphaerotheca pannosa. 3Finding aiduhttp://10.13.5.2/tesis/99727.pdfzTeclea aqui